Konjunkturpolitik Zeitschrift für angewandte Wirtschaftsforschung

Saved in:
Bibliographic Details
Format: Serial
Language:German
Published: Berlin Duncker 1988
Tags: Add Tag
No Tags, Be the first to tag this record!

MARC

LEADER 00000nas2a2200000 4500
001 s038715
005 20250730114149.9
041 0 |a ger 
044 |a DE 
245 1 0 |a Konjunkturpolitik  |b Zeitschrift für angewandte Wirtschaftsforschung 
264 1 |a Berlin  |b Duncker  |c 1988 
300 |a 1 zv. 
773 0 |w eu_un_cat*s120489